Ralph Erskine, architect /
Uložené v:
| Hlavný autor: | |
|---|---|
| Médium: | Kniha |
| Jazyk: | English |
| Vydavateľské údaje: |
Stockholm :
Byggförlaget,
1990
|
| Predmet: | |
| Tagy: |
Žiadne tagy, Buďte prvý, kto otaguje tento záznam!
|
MARC
| LEADER | 00000nam a22000003a 4500 | ||
|---|---|---|---|
| 001 | 0015308 | ||
| 003 | SK-STU | ||
| 005 | 20160816152721.8 | ||
| 007 | ta | ||
| 008 | 160617s ----xo-----e------000-0-----d | ||
| 020 | |a 91-7988-046-0 | ||
| 040 | |a STU |b slo | ||
| 041 | 0 | |a eng | |
| 044 | |a sw | ||
| 100 | 1 | |a Egelius, Mats |4 aut |r Z6 | |
| 245 | 1 | 0 | |a Ralph Erskine, architect / |c aut. Mats Egelius |
| 260 | |a Stockholm : |b Byggförlaget, |c 1990 | ||
| 300 | |a 211 s. | ||
| 650 | 0 | 7 | |a občianske budovy |
| 650 | 0 | 7 | |a public buildings |
| 650 | 0 | 7 | |a obytné budovy |
| 650 | 0 | 7 | |a residential buildings |
| 650 | 0 | 7 | |a budovy pre obchod a služby |
| 650 | 0 | 7 | |a buildings for bussines and service |
| 650 | 0 | 7 | |a budovy pre šport a rekreáciu |
| 650 | 0 | 7 | |a buildings for sport and free time activities |
| 650 | 0 | 7 | |a Architekti - Európa |
| 996 | |b 284AU06737 |c A* 9813/U |l AAKNAR |s A |a 24 |w 0015308_0001 | ||